000 00235nam a22000857a 4500
008 161201b xxu||||| |||| 00| 0 eng d
100 _91633
_aRam. S. K
245 _aLearning to communicate Litrature Reader
260 _aNew delhi
_boxford
_c2005
999 _c4347
_d4347